Normal view
MARC view
Entry Personal Name
001 - CONTROL NUMBER
- control field: 371989
003 - CONTROL NUMBER IDENTIFIER
- control field: OSt
005 - DATE AND TIME OF LATEST TRANSACTION
- control field: 20220927105350.0
008 - FIXED-LENGTH DATA ELEMENTS
- fixed length control field: 220927|| aca||aabn | a|a d
040 ## - CATALOGING SOURCE
- Original cataloging agency: OSt
- Transcribing agency: OSt
100 ## - HEADING--PERSONAL NAME
- Personal name: RIETJENS S J H
670 ## - SOURCE DATA FOUND
- Source citation: Work cat.: (OSt)692134: RIETJENS S J H, Civil-military cooperation in response to a complex emergency, 2008
